000 00671nam a2200217 a 4500
001 000019119
003 DO-SdBNP
005 20211008094459.0
008 100526s2005 dr a 000 0 spa d
040 _aDO-SdBNP
_bspa
_cBNPHU
049 _aBNPD
082 _aRD863.44
_bD657c
245 0 0 _a12vo. Concurso de Cuentos Radio Santa María.
246 0 0 _aDoceavo Concurso de Cuentos Radio Santa María
260 _aSanto Domingo :
_bGrupo León Jiménes,
_c2005.
300 _a91 p. :
_bil. ;
_c23 cm.
586 _aCuentos Premiados 2004
650 4 _aCuentos dominicanos
_xColecciones
_9503
650 4 _aLiteratura dominicana
_xColecciones
_9352
942 _2ddc
_cLBS1
999 _c18637
_d18637